|
|
|
|
| LEADER |
01078nam a2200229 a 4500 |
| 001 |
4284784 |
| 008 |
091108r19791977enk 000 0 eng d |
| 010 |
|
|
|a \\\85159363
|
| 020 |
|
|
|a 0903031434 (pbk.)
|
| 040 |
|
|
|a DLC
|c DLC
|d DLC
|
| 082 |
0 |
0 |
|a 334/.0941
|2 19
|
| 100 |
1 |
|
|a Youngjohns, B. A.
|
| 245 |
1 |
0 |
|a Co-operative organisation :
|b an introduction /
|c by B.A. Youngjohns (Co-operatives Panel, Intermediate Technology Development Group).
|
| 260 |
|
|
|a London, U.K. :
|b Intermediate Technology Publications ;
|a Forest Grove, OR :
|b Exclusive distributor, ISBS,
|c c1977 [reprinted 1979].
|
| 300 |
|
|
|a 34 p. ;
|c 21 cm.
|
| 500 |
|
|
|a Distributor from label on t.p.
|
| 541 |
1 |
|
|e 00001445
|
| 650 |
|
0 |
|a Cooperative societies
|z Great Britain.
|
| 710 |
2 |
|
|a Intermediate Technology Development Group.
|b Co-operatives Panel.
|
| 852 |
4 |
|
|a Ayesha Abed Library
|j General shelf
|
| 999 |
|
|
|c 5179
|d 5179
|
| 952 |
|
|
|0 0
|1 0
|2 ddc
|4 0
|6 334_094100000000000_YOU_1979
|7 0
|9 5030
|a BRACUL
|b BRACUL
|c GEN
|d 2009-11-08
|g 0.00
|l 0
|o 334.0941 YOU
|p 3010001445
|r 2009-11-08
|t 1
|w 2009-11-08
|y BK
|x No price found in the accession register.
|